[Event "Buenos Aires sim"]
[Site "Buenos Aires"]
[Date "1992.??.??"]
[Round "2"]
[White "Spangenberg, Hugo"]
[Black "Kasparov, Gary"]
[Result "1/2-1/2"]
[WhiteElo "2305"]
[BlackElo "2780"]

1.e4 c5 2.Nc3 Nc6 3.f4 e6 4.Nf3 Nge7 5.d4 cxd4 6.Nxd4 Nxd4 7.Qxd4 Nc6 8.Qf2 d5
9.Bd3 d4 10.Nb1 Nb4 11.O-O Bc5 12.Nd2 O-O 13.e5 Nxd3 14.cxd3 Qd5 15.Ne4 Be7
16.Qg3 Kh8 17.Bd2 Bd7 18.Rf3 f5 19.exf6 gxf6 20.a3 a5 21.Raf1 Rf7 22.Qe1 b6
23.f5 exf5 24.Ng3 Rg8 25.Qe2 Qe5 26.Qxe5 fxe5 27.Nxf5 Bc6 28.Rg3 Rxg3  1/2-1/2

[Event "Buenos Aires sim"]
[Site "Buenos Aires"]
[Date "1992.??.??"]
[Round "2"]
[White "Zarnicki, Pablo"]
[Black "Kasparov, Gary"]
[Result "0-1"]
[WhiteElo "2385"]
[BlackElo "2780"]

1.e4 c5 2.Nf3 e6 3.d4 cxd4 4.Nxd4 Nf6 5.Nc3 d6 6.Be2 Be7 7.O-O O-O 8.f4 a6
9.Be3 Qc7 10.Qe1 b5 11.Bf3 Bb7 12.a3 Nbd7 13.Qg3 Rac8 14.Rae1 Ba8 15.Kh1 Kh8
16.Qf2 Qb8 17.Bc1 Nb6 18.g4 d5 19.e5 Ne4 20.Nxe4 dxe4 21.Bxe4 Bc5 22.c3 Bxd4
23.Qxd4 Rc4 24.Qd3 Rd8 25.Qf3 Rxe4 26.Rxe4 Na4 27.b4 Rc8  0-1

[Event "Buenos Aires sim"]
[Site "Buenos Aires"]
[Date "1992.??.??"]
[Round "2"]
[White "Kasparov, Gary"]
[Black "Amura, Claudia Noemi"]
[Result "1-0"]
[WhiteElo "2780"]
[BlackElo "2355"]

1.c4 e6 2.Nc3 d5 3.d4 Be7 4.Nf3 Nf6 5.Bg5 O-O 6.e3 Nbd7 7.Qc2 c6 8.Rd1 b6
9.Bd3 h6 10.Bh4 Bb7 11.O-O c5 12.Bg3 cxd4 13.exd4 dxc4 14.Bxc4 Bxf3 15.gxf3 Nh5
16.d5 Nxg3 17.hxg3 exd5 18.Nxd5 Bd6 19.Ne3 Bc5 20.Nf5 Rc8 21.Nxh6+ gxh6 22.Qg6+ Kh8
23.Qxh6+ Kg8 24.Qg6+ Kh8 25.Qh5+ Kg7 26.Qg4+ Kh6 27.Rxd7 Qe8 28.Kg2  1-0

[Event "Cordoba simul"]
[Site "Cordoba"]
[Date "1992.??.??"]
[Round "?"]
[White "Kasparov, Gary"]
[Black "Monier, Raul"]
[Result "1-0"]
[WhiteElo "2780"]
[BlackElo "2350"]

1.d4 Nf6 2.Nf3 e6 3.Bg5 c5 4.e3 d5 5.Nbd2 Nbd7 6.c3 Be7 7.Bd3 b6 8.O-O Bb7
9.Qb1 h6 10.Bf4 Nh5 11.Be5 cxd4 12.cxd4 Nhf6 13.Rc1 Rc8 14.Rxc8 Qxc8 15.Qf1 O-O
16.Rc1 Qa8 17.Rc7 Bd8 18.Rc2 Be7 19.a3 Rc8 20.Qc1 Rxc2 21.Qxc2 Qc8 22.Qxc8+ Bxc8
23.Bg3 Bb7 24.Ne1 Kf8 25.f3 Ke8 26.Bb5 Kd8 27.Kf1 Ne8 28.e4 Bd6 29.e5 Be7
30.f4 Nc7 31.Bd3 Ba6 32.Ke2 Bxd3+ 33.Kxd3 Nb8 34.Nc2 Nc6 35.Bf2 h5 36.h3 g6
37.g4 hxg4 38.hxg4 Kd7 39.Nf3 Na5 40.Ne3 b5 41.Bh4 Bxh4 42.Nxh4 Nc4 43.Nd1 a5
44.Kc3 Ke7 45.Nf3 Kd7 46.Ne1 Kc6 47.Nc2 Kb7 48.Nf2 Na6 49.Nd3 Kc6 50.Nde1 Kd7
51.Nf3 Nc7 52.b3 Nb6 53.Nce1 Ke7 54.Nd3 Nd7 55.Nh4 Nb8 56.f5 gxf5 57.gxf5 Nc6
58.f6+ Ke8 59.b4 a4 60.Nc5 Nd8 61.Nf3 Na8 62.Nd2 Nb6 63.Kd3 Nc6 64.Nb7 Nc8
65.Nb1 Nd8 66.Nxd8 Kxd8 67.Nc3 Na7 68.Ke3 Ke8 69.Kf4 Kf8 70.Kg5 Kg8 71.Kh6 Kh8
72.Nxd5 Nc6 73.Nc3 Nxd4 74.Kg5 Nc6 75.Kf4 Na7 76.Ne4 Kh7 77.Nd6 Kg6 78.Ke4  1-0

[Event "EU-chT (Men)"]
[Site "Debrecen"]
[Date "1992.??.??"]
[Round "1"]
[White "Kortschnoj, Viktor"]
[Black "Kasparov, Gary"]
[Result "1/2-1/2"]
[WhiteElo "2585"]
[BlackElo "2780"]

1.d4 Nf6 2.c4 g6 3.Nc3 Bg7 4.e4 d6 5.Be2 O-O 6.Nf3 e5 7.O-O Nc6 8.d5 Ne7
9.Ne1 Ne8 10.Be3 f5 11.f3 f4 12.Bf2 h5 13.c5 g5 14.a4 Ng6 15.a5 Bh6 16.b4 Kh7
17.cxd6 cxd6 18.Nb5 g4 19.fxg4 hxg4 20.Bxg4 Bxg4 21.Qxg4 Nf6 22.Qf3 Qd7 23.Nxa7 Ng4
24.b5 Nxf2 25.Qxf2 f3 26.Nxf3 Qg4 27.b6 Qxe4 28.Rfe1 Qxd5 29.Qc2 Rae8 30.Rad1 Qxa5
31.Qc7+ Re7 32.Qxd6 e4 33.Nh4 Rg7 34.Nxg6 Rxg6 35.Qe7+ Bg7 36.Qh4+ Kg8 37.Qxe4 Rxb6
38.Qd5+ Qxd5 39.Rxd5 Rb2 40.Rf1 Bh6 41.Rxf8+ Kxf8 42.Rf5+ Ke7 43.Nb5 Be3+
44.Kf1  1/2-1/2

[Event "EU-chT (Men)"]
[Site "Debrecen"]
[Date "1992.??.??"]
[Round "4"]
[White "Kasparov, Gary"]
[Black "Ivanchuk, Vassily"]
[Result "1-0"]
[WhiteElo "2780"]
[BlackElo "2720"]

1.e4 e5 2.Nf3 Nf6 3.d4 Nxe4 4.Bd3 d5 5.Nxe5 Nd7 6.Nxd7 Bxd7 7.O-O Qh4 8.c4 O-O-O
9.c5 g5 10.Be3 Re8 11.Nd2 Bg7 12.Nf3 Qh5 13.Nxg5 Qxd1 14.Rfxd1 Nxg5 15.Bxg5 Bg4
16.Rd2 Bxd4 17.c6 Be5 18.Bb5 b6 19.Bh4 Rhg8 20.Ba6+ Kb8 21.Bg3 Bxg3 22.hxg3 Rd8
23.Rd4 Rd6 24.Rc1 Bc8 25.Bd3 Rg4 26.Rxg4 Bxg4 27.f3 Be6 28.b4 d4 29.a4 a5
30.b5 Bb3 31.Ra1 Kc8 32.Kf2 h6 33.Ke2 Kd8 34.Kd2 Ke7 35.Bc2 Bc4 36.Rh1 d3
37.Bd1 Kf8 38.Rh4 Ba2 39.Re4 Rg6 40.g4 h5 41.f4 hxg4 42.f5 Rd6 43.Rxg4 Bd5
44.Rh4 Kg7 45.g3 Kf6 46.Rh8 Ke5 47.Rc8 Kd4 48.Rxc7 Rh6 49.Rd7 Rh2+ 50.Kc1  1-0

[Event "EU-chT (Men)"]
[Site "Debrecen"]
[Date "1992.??.??"]
[Round "9"]
[White "Giorgadze, Giorgi"]
[Black "Kasparov, Gary"]
[Result "1/2-1/2"]
[WhiteElo "2525"]
[BlackElo "2780"]

1.d4 Nf6 2.c4 e6 3.Nc3 Bb4 4.e3 c5 5.Ne2 cxd4 6.exd4 O-O 7.a3 Be7 8.Nf4 d6
9.Be2 Re8 10.O-O Bf8 11.Be3 g6 12.Rc1 a6 13.c5 Bg7 14.Na4 Nc6 15.Nb6 Rb8
16.b4 d5 17.Qb3 g5 18.Nh3 h6 19.Rcd1 e5 20.dxe5 Nxe5 21.Nxc8 Qxc8 22.Rfe1 Re7
23.Bf1 Qc7 24.Bd4 Rbe8 25.Bxe5 Rxe5 26.Rxe5 Qxe5 27.f3 g4 28.Nf2 g3 29.hxg3 Qxg3
30.Qd3 h5 31.Qf5 Re6 32.Nh1  1/2-1/2

[Event "Dortmund"]
[Site "Dortmund"]
[Date "1992.??.??"]
[Round "1"]
[White "Shirov, Alexei"]
[Black "Kasparov, Gary"]
[Result "0-1"]
[WhiteElo "2655"]
[BlackElo "2780"]

1.d4 Nf6 2.c4 g6 3.Nc3 Bg7 4.e4 d6 5.f3 O-O 6.Be3 e5 7.Nge2 c6 8.Qd2 Nbd7
9.O-O-O a6 10.Kb1 b5 11.Nc1 exd4 12.Bxd4 Re8 13.Bxf6 Qxf6 14.Qxd6 Qxd6 15.Rxd6 Ne5
16.f4 Ng4 17.e5 Nf2 18.Rg1 Bf5+ 19.Ka1 b4 20.Na4 f6 21.e6 Rxe6 22.Rxe6 Bxe6
23.Be2 f5 24.Nb3 Bf7 25.Na5 Rd8 26.Rf1 Ng4 27.Rd1 Rxd1+ 28.Bxd1 Ne3 29.Bf3 Nxc4
30.Nxc6 a5 31.Nd8 Nd2 32.Bc6 Bh6 33.g3 Nf1 34.Nb6 Nxh2 35.Nd7 Bg7 36.Ne5 Bxe5
37.fxe5 Kf8 38.e6 Be8 39.Bxe8 Kxe8 40.Nc6 Nf1  0-1

[Event "Linares"]
[Site "Linares"]
[Date "1992.??.??"]
[Round "9"]
[White "Beliavsky, Alexander G"]
[Black "Kasparov, Gary"]
[Result "1/2-1/2"]
[WhiteElo "2620"]
[BlackElo "2780"]

1.d4 Nf6 2.c4 g6 3.Nc3 d5 4.cxd5 Nxd5 5.e4 Nxc3 6.bxc3 Bg7 7.Bc4 c5 8.Ne2 Nc6
9.Be3 O-O 10.O-O Bg4 11.f3 Na5 12.Bxf7+ Rxf7 13.fxg4 Rxf1+ 14.Kxf1 Qd6 15.e5 Qd5
16.g5 Qe4 17.Bf2 Rf8 18.Ng1 Nc4 19.Nf3 Ne3+ 20.Bxe3 Qxe3 21.Qb3+ Kh8 22.Re1 Qxg5
23.Qxb7 Qd2 24.dxc5 Qxc3 25.Qd5 Bh6 26.c6 Bf4 27.Re4 Qc1+ 28.Re1 Qc3 29.Re4  1/2-1/2

[Event "Manila ol (Men)"]
[Site "Manila"]
[Date "1992.??.??"]
[Round "?"]
[White "Kasparov, Gary"]
[Black "Timman, Jan H"]
[Result "1/2-1/2"]
[WhiteElo "2780"]
[BlackElo "2620"]

1.e4 c5 2.Nf3 d6 3.d4 cxd4 4.Nxd4 Nf6 5.Nc3 Nc6 6.Bc4 Qb6 7.Nde2 e6 8.O-O a6
9.Bb3 Be7 10.Bg5 Qc7 11.Ng3 b5 12.Kh1 h5 13.Bxf6 gxf6 14.Nxh5 Bb7 15.Ng3 O-O-O
16.a4 b4 17.Nce2 Kb8 18.Rc1 Qa5 19.c3 Rh4 20.Ng1 Ne5 21.Qd2 d5 22.exd5 Nc4
23.Qe2 Bxd5 24.Rfd1 Rc8 25.Nf3 Rf4 26.Rd4 Bd6 27.Rc2 bxc3 28.bxc3 f5 29.Qd1  1/2-1/2

[Event "Paris Immopar rapid"]
[Site "Paris"]
[Date "1992.??.??"]
[Round "1"]
[White "Kasparov, Gary"]
[Black "Kramnik, Vladimir"]
[Result "1-0"]
[WhiteElo "2790"]
[BlackElo "2625"]

1.e4 c5 2.Nf3 Nc6 3.Bb5 e6 4.O-O Nge7 5.c3 d5 6.exd5 Qxd5 7.Re1 g6 8.b4 Bg7
9.Bb2 O-O 10.c4 Qh5 11.Bxg7 Kxg7 12.bxc5 Qxc5 13.d4 Qb6 14.Nc3 Rd8 15.Bxc6 Qxc6
16.Qe2 a6 17.Rac1 Qc7 18.d5 f6 19.dxe6 Rd6 20.Nd5 Qd8 21.Nxf6 Rxe6 22.Ne4 Nc6
23.Qb2+ Kg8 24.Nfg5 Re5 25.f4 Rf5 26.Rcd1  1-0

[Event "Paris Immopar rapid"]
[Site "Paris"]
[Date "1992.??.??"]
[Round "2"]
[White "Polugaevsky, Lev"]
[Black "Kasparov, Gary"]
[Result "0-1"]
[WhiteElo "2640"]
[BlackElo "2790"]

1.d4 Nf6 2.Nf3 g6 3.g3 Bg7 4.Bg2 O-O 5.O-O d5 6.Nbd2 a5 7.a4 Na6 8.Nb3 b6
9.c3 Bb7 10.Bf4 c5 11.Ne5 e6 12.Qc1 Rc8 13.Bh6 cxd4 14.Nxd4 Nd7 15.Bxg7 Kxg7
16.f4 Nac5 17.Qe3 Re8 18.g4 f6 19.Nxd7 Qxd7 20.g5 Qe7 21.gxf6+ Qxf6 22.Nf3 Qe7
23.Rad1 Kg8 24.Bh3 Nxa4 25.Nd4 Qg7 26.Nxe6 Nc5 27.f5 gxf5+ 28.Nxg7 Rxe3 29.Nxf5 Rxh3
30.Ne7+ Kg7 31.Nxc8 Bxc8 32.Rxd5 Rh6 33.Rf4 Re6 34.Rg5+ Rg6 35.Rxg6+ hxg6
36.Kf2 b5 37.Ke3 Na4 38.c4 b4 39.Kd4 Nxb2 40.c5 a4 41.c6 a3 42.Rf1 a2 43.c7 b3
44.Kc3 Nc4  0-1

[Event "Paris Immopar rapid"]
[Site "Paris"]
[Date "1992.??.??"]
[Round "2"]
[White "Kasparov, Gary"]
[Black "Polugaevsky, Lev"]
[Result "1-0"]
[WhiteElo "2790"]
[BlackElo "2640"]

1.d4 Nf6 2.c4 e6 3.Nf3 Bb4+ 4.Bd2 c5 5.Bxb4 cxb4 6.Qb3 a5 7.a3 Na6 8.Nbd2 d6
9.g3 b6 10.Bg2 Bb7 11.O-O O-O 12.Rfd1 Qe7 13.Nf1 Be4 14.N1d2 Bb7 15.Nh4 Bxg2
16.Nxg2 Qb7 17.Qd3 Rfe8 18.e4 e5 19.f3 bxa3 20.bxa3 Nc7 21.Ne3 Ne6 22.Nf5 Qc7
23.d5 Nc5 24.Qe3 Qd8 25.Rab1 g6 26.Nh6+ Kg7 27.Nf1 Nfd7 28.h4 Rf8 29.Rb2 f5
30.exf5 gxf5 31.Qg5+ Qxg5 32.hxg5 Kg6 33.f4 Rae8 34.Rf2 exf4 35.gxf4 Re4
36.Nd2 Rd4 37.Re1 Ne4 38.Nxe4 Rxe4 39.Rxe4 fxe4 40.Ng4 Rc8 41.Ne3 b5 42.Rh2 h5
43.gxh6 Kh7 44.cxb5 Rc3 45.Nf5 Rc1+ 46.Kf2 Nb6 47.Nxd6 Rc2+ 48.Kg3 Rc3+ 49.Kg4 Nxd5
50.Nxe4 Rc4 51.Kf3 Ra4 52.Ng5+ Kh8 53.Rd2 Rxf4+ 54.Kg3 Rf5 55.Kg4 Rf4+ 56.Kh5 Rf5
57.b6  1-0

[Event "Paris Immopar rapid"]
[Site "Paris"]
[Date "1992.??.??"]
[Round "3"]
[White "Kasparov, Gary"]
[Black "Kamsky, Gata"]
[Result "1-0"]
[WhiteElo "2790"]
[BlackElo "2655"]

1.e4 e5 2.Nf3 Nc6 3.Bb5 a6 4.Ba4 Nf6 5.O-O Be7 6.Re1 b5 7.Bb3 O-O 8.d3 d6
9.c3 Bb7 10.Nbd2 Na5 11.Bc2 c5 12.Nf1 Re8 13.Bg5 h6 14.Bh4 Nh5 15.Bxe7 Qxe7
16.Ne3 Nf4 17.g3 Ng6 18.a3 Nc6 19.b4 Rad8 20.Rb1 Qd7 21.h4 Qh3 22.Qe2 Nce7
23.a4 Bc6 24.axb5 axb5 25.Qf1 Qe6 26.Nd2 cxb4 27.Rxb4 d5 28.Bb3 Qd7 29.Nf3 Qd6
30.Rb1 dxe4 31.dxe4 Qc5 32.Rc1 Rd6 33.Qe1 Rc8 34.h5 Nf8 35.c4 Be8 36.Rc2 Rd3
37.cxb5 Qd6 38.Rxc8 Nxc8 39.Bc2 Rxe3 40.fxe3 Nb6 41.Rb1 Bd7 42.Qc3 Bg4 43.Nxe5 Nfd7
44.Nxg4 Qxg3+ 45.Kf1 Qxg4 46.Ke1 Qg3+ 47.Kd2 Ne5 48.Rd1 Nec4+ 49.Kc1 Qb8
50.e5 Nxe5 51.Qxe5 Qa8 52.Kb1  1-0

[Event "Paris Immopar rapid"]
[Site "Paris"]
[Date "1992.??.??"]
[Round "4"]
[White "Kasparov, Gary"]
[Black "Anand, Viswanathan"]
[Result "1-0"]
[WhiteElo "2790"]
[BlackElo "2690"]

1.Nf3 d6 2.d4 Bg4 3.e4 Nf6 4.h3 Bh5 5.Bd3 e6 6.c4 Be7 7.Nc3 Nc6 8.Be3 O-O
9.Qe2 Bg6 10.Rd1 d5 11.cxd5 exd5 12.e5 Ne4 13.O-O Qd7 14.Bc1 f5 15.Nxd5 Bh5
16.Nf4 Bxf3 17.Bc4+ Kh8 18.Qxf3 Ng5 19.Qh5 Qe8 20.Qe2 Bb4 21.Nd5 Ne6 22.Nxb4 Nxb4
23.d5 Nc5 24.a3 Nba6 25.b4 Ne4 26.Bb2 Nb8 27.e6 Qe7 28.Bd3 Nd6 29.Qe5 b5
30.Rfe1 a5 31.Re3 axb4 32.axb4 Na6 33.Bc3 Rf6 34.Qf4 Rg6 35.Ra1 Qf8 36.Rg3 Kg8
37.h4 Ne8  1-0

[Event "Reggio Emilia9192"]
[Site "Reggio Emilia"]
[Date "1992.??.??"]
[Round "3"]
[White "Karpov, Anatoly"]
[Black "Kasparov, Gary"]
[Result "1/2-1/2"]
[WhiteElo "2730"]
[BlackElo "2770"]

1.d4 Nf6 2.c4 g6 3.Nc3 Bg7 4.e4 d6 5.f3 O-O 6.Be3 e5 7.d5 c6 8.Bd3 cxd5 9.cxd5 Nh5
10.Nge2 f5 11.exf5 gxf5 12.O-O Nd7 13.Rc1 Nc5 14.Bc4 a6 15.b4 Nd7 16.a4 Qh4
17.f4 Kh8 18.Qd2 Rg8 19.g3 Bh6 20.Rf2 Qh3 21.Rg2 Nhf6 22.Kh1 Ng4 23.Ng1 Qh5
24.Be2 Ndf6 25.Bb6 Bd7 26.h3 Rae8 27.Rf1 Rg7 28.b5 axb5 29.axb5 Rge7 30.Qb2 exf4
31.gxf4 Qh4 32.Nd1 Bg7 33.Bd4 Ne4 34.Rf3 Rg8 35.Bf1 Bxd4 36.Qxd4+ Reg7 37.Nc3 Qf6
38.Nge2 Qxd4 39.Nxd4 Ngf6 40.Rxg7 Rxg7 41.b6 Nxc3 42.Rxc3 Nxd5 43.Rb3 Nxf4
44.Kh2 Rg6 45.Bb5 Bxb5 46.Rxb5 Rg2+ 47.Kh1 Rd2 48.Nxf5 Kg8 49.Rb4 Nxh3 50.Rc4 Nf2+
51.Kg1 Nh3+ 52.Kh1 Kf7 53.Rc7+ Ke6 54.Ne3 Ng5 55.Rxb7 h5 56.Rg7 Nf3 57.Rg2 Kd7
58.Rxd2 Nxd2 59.Kg2 Kc6 60.Nf5 Ne4 61.Kh3  1/2-1/2

[Event "Reggio Emilia9192"]
[Site "Reggio Emilia"]
[Date "1992.??.??"]
[Round "5"]
[White "Gelfand, Boris"]
[Black "Kasparov, Gary"]
[Result "1/2-1/2"]
[WhiteElo "2665"]
[BlackElo "2770"]

1.d4 Nf6 2.c4 g6 3.Nc3 Bg7 4.e4 d6 5.Be2 O-O 6.Nf3 e5 7.O-O Nc6 8.d5 Ne7
9.Ne1 Nd7 10.Nd3 f5 11.Bd2 Nf6 12.f3 f4 13.g4 g5 14.b4 h5 15.h3 Kf7 16.Be1 Rh8
17.Kg2 Ng6 18.c5 hxg4 19.hxg4 Nh5 20.Rh1 Ng3 21.Bxg3 fxg3 22.Qd2 Rh4 23.Kxg3 Bd7
24.Rxh4 gxh4+ 25.Kh2 Bf6 26.b5 Bg5 27.Qe1 Be3 28.c6 Bc8 29.Nd1 Bd4 30.cxb7 Bxb7
31.Rc1 a6 32.Qd2 axb5 33.Qh6 Nf8 34.Rc2 Bb6 35.Ne3 Qf6 36.Qh5+ Qg6 37.Nf5 Qxh5
38.gxh5 Bc8 39.Nxh4 Nh7 40.f4 exf4 41.Nxf4 Ng5 42.Bxb5 Nxe4 43.a4  1/2-1/2

[Event "Reggio Emilia9192"]
[Site "Reggio Emilia"]
[Date "1992.??.??"]
[Round "6"]
[White "Kasparov, Gary"]
[Black "Beliavsky, Alexander G"]
[Result "1-0"]
[WhiteElo "2770"]
[BlackElo "2655"]

1.c4 Nf6 2.Nc3 c5 3.g3 g6 4.Bg2 Bg7 5.a3 Nc6 6.Rb1 a5 7.d3 O-O 8.Bg5 d6 9.Nf3 h6
10.Bd2 Be6 11.h3 d5 12.cxd5 Nxd5 13.O-O Nd4 14.e4 Nxf3+ 15.Qxf3 Nc7 16.e5 Bf5
17.Rbd1 Ne6 18.Qxb7 Rb8 19.Qa7 Bxd3 20.Bc1 c4 21.Rfe1 Nd4 22.Nd5 Nb3 23.Nxe7+ Kh7
24.Be3 Bxe5 25.Nc6 Qf6 26.Nxe5 Qxe5 27.Bf4 Qd4 28.Bxb8  1-0

[Event "Reggio Emilia9192"]
[Site "Reggio Emilia"]
[Date "1992.??.??"]
[Round "7"]
[White "Salov, Valery"]
[Black "Kasparov, Gary"]
[Result "1/2-1/2"]
[WhiteElo "2665"]
[BlackElo "2770"]

1.d4 Nf6 2.Nf3 g6 3.c4 Bg7 4.g3 O-O 5.Bg2 d6 6.O-O Nbd7 7.Nc3 e5 8.e4 c6
9.b3 exd4 10.Nxd4 Re8 11.h3 Nc5 12.Re1 Bd7 13.Bf4 Qb6 14.Be3 Rad8 15.Qc2 Bc8
16.a3 Qc7 17.Rad1 Qe7 18.b4 Ncd7 19.Qa2 a6 20.a4 a5 21.b5 c5 22.Nde2 Nb6
23.Nf4 Be6 24.Nxe6 Qxe6 25.Nd5 Nfxd5 26.exd5 Qf6  1/2-1/2

[Event "Reggio Emilia9192"]
[Site "Reggio Emilia"]
[Date "1992.??.??"]
[Round "8"]
[White "Polugaevsky, Lev"]
[Black "Kasparov, Gary"]
[Result "1/2-1/2"]
[WhiteElo "2630"]
[BlackElo "2770"]

1.d4 Nf6 2.Nf3 g6 3.g3 Bg7 4.Bg2 O-O 5.O-O d5 6.Nbd2 a5 7.c4 c6 8.b3 Be6
9.Bb2 a4 10.bxa4 Qa5 11.cxd5 cxd5 12.Ne5 Nbd7 13.Nxd7 Bxd7 14.Nb3 Qxa4 15.Nc5 Qxd1
16.Rfxd1  1/2-1/2

[Event "FRA"]
[Site "FRA"]
[Date "1993.??.??"]
[Round "?"]
[White "Chabanon, Jean Luc"]
[Black "Kasparov, Gary"]
[Result "0-1"]
[WhiteElo "2425"]
[BlackElo "2805"]

1.c4 Nf6 2.Nc3 e5 3.g3 c6 4.d4 exd4 5.Qxd4 d5 6.Bg2 Be6 7.cxd5 cxd5 8.Nf3 Nc6
9.Qa4 Bc5 10.O-O O-O 11.Ne1 d4 12.Nd3 Bb6 13.Nb5 Bd5 14.Bh3 Re8 15.Nf4 Be4
16.Rd1 Qe7 17.Na3 d3 18.exd3 Bf3 19.Rf1 Ng4 20.Bd2 Nce5 21.Bg2 Nxf2 22.Rxf2 Bxg2
23.Kxg2 Bxf2 24.Kxf2 g5 25.Qe4 gxf4 26.gxf4 Qh4+  0-1

[Event "FRA"]
[Site "FRA"]
[Date "1993.??.??"]
[Round "?"]
[White "Kasparov, Gary"]
[Black "Salov, Valery"]
[Result "1/2-1/2"]
[WhiteElo "2805"]
[BlackElo "2685"]

1.e4 c5 2.Nf3 Nc6 3.Bb5 g6 4.Bxc6 bxc6 5.O-O Bg7 6.Re1 f6 7.d4 cxd4 8.Nxd4 e5
9.Nb3 Nh6 10.c4 Nf7 11.c5 O-O 12.Na3 a5 13.Nc4 a4 14.Nb6 Ra7 15.Nxc8 Qxc8
16.Nd2 Qa6 17.Qc2 Ng5 18.Nc4 Ne6 19.Be3 Rb8 20.Red1 Bf8 21.Nb6 Rbb7 22.Nc8 Ra8
23.Nb6 Raa7 24.b4 axb3 25.Qxb3 Qb5 26.Qxb5  1/2-1/2

[Event "FRA"]
[Site "FRA"]
[Date "1993.??.??"]
[Round "?"]
[White "Renet, Olivier"]
[Black "Kasparov, Gary"]
[Result "0-1"]
[WhiteElo "2535"]
[BlackElo "2805"]

1.e4 c5 2.Nf3 d6 3.d4 cxd4 4.Nxd4 Nf6 5.Nc3 a6 6.f4 Qc7 7.Nf3 e6 8.Bd3 b5
9.Qe2 Nbd7 10.O-O Bb7 11.Kh1 Be7 12.e5 dxe5 13.fxe5 Nd5 14.Ne4 O-O 15.Neg5 h6
16.Nh7 Rfe8 17.c3 Rad8 18.Bb1 Qc4 19.Bd3 Qg4 20.Bd2 Nc5 21.Bc2 Qc4 22.Qf2 Ne4
23.Qe1 Nb4 24.Nf6+ Nxf6 25.Bb3 Nd3 26.exf6 Nxe1 27.Bxc4 Nxf3 28.fxe7 Rxd2  0-1

[Event "Katowice sim"]
[Site "Katowice"]
[Date "1993.??.??"]
[Round "?"]
[White "Kasparov, Gary"]
[Black "Bartosik, Olimpia"]
[Result "1-0"]
[WhiteElo "2805"]
[BlackElo "2030"]

1.d4 d6 2.e4 Nf6 3.f3 g6 4.Be3 Bg7 5.Qd2 e5 6.dxe5 dxe5 7.Qxd8+ Kxd8 8.Bc4 Be6
9.Bxe6 fxe6 10.Nd2 Nc6 11.c3 b6 12.Ke2 Ke7 13.a4 Rad8 14.Nh3 Rd7 15.Nf2 Rhd8
16.Nc4 Ne8 17.b4 Kf7 18.Rad1 Nd6 19.Na3 a6 20.Nd3 a5 21.b5 Ne7 22.c4 Nec8
23.c5 bxc5 24.Nxc5 Re7 25.Nc4 Nxc4 26.Rxd8 Nxe3 27.Kxe3 Nd6 28.Ke2 Bh6 29.Rd1 Nc4
30.R1d7 Bg5 31.Rc8 Be3 32.Rcxc7 Bxc5 33.Rxe7+ Bxe7 34.Rxc4 Bd8 35.Rc8 Ke7
36.Kd3 Kd7 37.Rxd8+  1-0

[Event "Lima sim"]
[Site "Lima"]
[Date "1993.??.??"]
[Round "2"]
[White "Reyes, Juan"]
[Black "Kasparov, Gary"]
[Result "1/2-1/2"]
[WhiteElo "2450"]
[BlackElo "2805"]

1.e4 c5 2.Nf3 d6 3.Nc3 Nf6 4.e5 dxe5 5.Nxe5 a6 6.a4 Qc7 7.Nc4 Nc6 8.b3 b6
9.Bd3 Bb7 10.O-O Nb4 11.Be2 g6 12.Bb2 Bg7 13.Bf3 O-O 14.Bxb7 Qxb7 15.d3 Rfd8
16.Qe2 Nc6 17.Rfe1 Nd4 18.Qd1 e6 19.Qc1 b5 20.Ne3 Qc6 21.h3 Nd7 22.Ne2 h5
23.Nf1 e5 24.Nd2 Nb6 25.Nc3 Re8 26.Qd1 Rad8 27.axb5 axb5 28.Ra5 c4 29.bxc4 bxc4
30.Nce4 cxd3 31.cxd3 Nf5 32.Qb3 Nd5 33.Nc5 Qc8 34.Nb7 Rd7 35.Rxd5 Rxb7 36.Rb5 Rxb5
37.Qxb5  1/2-1/2

[Event "Lima sim"]
[Site "Lima"]
[Date "1993.??.??"]
[Round "3"]
[White "Kasparov, Gary"]
[Black "Oblitas, Carlomagno"]
[Result "1-0"]
[WhiteElo "2805"]
[BlackElo "2425"]

1.d4 d6 2.Nf3 Bg4 3.e4 Nd7 4.h3 Bh5 5.Nc3 e6 6.Bd3 Be7 7.Qe2 c6 8.g4 Bg6
9.Bf4 h5 10.O-O-O Qa5 11.Kb1 O-O-O 12.g5 h4 13.Nd2 e5 14.Be3 Kb8 15.d5 Bf8
16.Nc4 Qc7 17.Na3 Nb6 18.dxc6 bxc6 19.Ba6 f5 20.exf5 Bxf5 21.f4 e4 22.Nab5 cxb5
23.Nxb5 Qc4 24.Qf2 Bc8 25.Rd4 Qc6 26.Nxa7 Kxa7 27.Rc4 Qd5 28.Bxb6+ Kxa6 29.Ra4+  1-0

[Event "Linares"]
[Site "Linares"]
[Date "1993.??.??"]
[Round "1"]
[White "Ljubojevic, Ljubomir"]
[Black "Kasparov, Gary"]
[Result "0-1"]
[WhiteElo "2605"]
[BlackElo "2805"]

1.d4 Nf6 2.c4 g6 3.Nc3 Bg7 4.e4 d6 5.Be2 O-O 6.Nf3 e5 7.O-O Nc6 8.d5 Ne7
9.Nd2 a5 10.Rb1 Nd7 11.a3 f5 12.b4 Kh8 13.f3 f4 14.Nb3 axb4 15.axb4 g5 16.Bd2 Ng6
17.Ra1 Rxa1 18.Qxa1 Nf6 19.Qa7 g4 20.fxg4 Nxg4 21.h3 Nh6 22.Be1 Rg8 23.Nd2 Bf6
24.Kh1 Bh4 25.Nf3 Bxe1 26.Nxe1 Nh4 27.Rf2 Qg5 28.Nf3 Nxf3 29.Bxf3 Bxh3  0-1

[Event "Linares"]
[Site "Linares"]
[Date "1993.??.??"]
[Round "8"]
[White "Beliavsky, Alexander G"]
[Black "Kasparov, Gary"]
[Result "1/2-1/2"]
[WhiteElo "2610"]
[BlackElo "2805"]

1.d4 Nf6 2.c4 g6 3.Nc3 Bg7 4.e4 d6 5.f3 O-O 6.Be3 e5 7.Nge2 c6 8.Qd2 Nbd7
9.O-O-O a6 10.Bh6 Bxh6 11.Qxh6 b5 12.h4 Qa5 13.h5 b4 14.Nb1 Qxa2 15.Ng3 Nb6
16.c5 Nc4 17.Rd2 Na5 18.cxd6 Nb3+ 19.Kc2 Na1+ 20.Kc1 Nb3+ 21.Kc2 Na1+ 22.Kc1  1/2-1/2

[Event "Linares"]
[Site "Linares"]
[Date "1993.??.??"]
[Round "12"]
[White "Shirov, Alexei"]
[Black "Kasparov, Gary"]
[Result "1/2-1/2"]
[WhiteElo "2670"]
[BlackElo "2805"]

1.d4 Nf6 2.c4 g6 3.g3 Bg7 4.Bg2 O-O 5.Nc3 d6 6.Nf3 Nbd7 7.O-O e5 8.h3 c6
9.e4 Qb6 10.c5 dxc5 11.dxe5 Ne8 12.e6 fxe6 13.Ng5 Ne5 14.f4 Nf7 15.Nxf7 Bd4+
16.Kh2 Rxf7 17.e5 Nc7 18.Ne4 Nd5 19.a4 a5 20.Ra3 Qc7 21.Nd6 Rf8 22.h4 b6
23.h5 Qg7 24.hxg6 hxg6 25.Be4 Ba6 26.Re1 Ne7 27.Kg2 Rad8 28.Rb3 Bxe5 29.fxe5 Qxe5
30.Qg4 Rxd6 31.Bf4 Rxf4 32.gxf4 Rd2+ 33.Kg3 Qf6 34.Rxb6 Bd3 35.Rb8+ Kf7 36.Qh3 Bxe4
37.Qh7+ Qg7 38.Qxg7+ Kxg7 39.Rxe4 Nf5+ 40.Kf3 Kf6 41.Rc4 Rd5 42.Rf8+ Ke7
43.Ra8 Nd6 44.Rc3 c4 45.Ra6 Rc5 46.b3 Kf6 47.bxc4  1/2-1/2

[Event "London rapid m1"]
[Site "London"]
[Date "1993.??.??"]
[Round "?"]
[White "Kasparov, Gary"]
[Black "Adams, Michael"]
[Result "1-0"]
[WhiteElo "2805"]
[BlackElo "2630"]

1.e4 c6 2.d4 d5 3.Nd2 dxe4 4.Nxe4 Nd7 5.Nf3 Ngf6 6.Ng3 e6 7.Bd3 Be7 8.O-O O-O
9.Qe2 b6 10.c4 Bb7 11.Bf4 c5 12.dxc5 Bxc5 13.Rad1 Qe7 14.Ng5 h6 15.N5e4 Nxe4
16.Nxe4 Rad8 17.Bc2 Nf6 18.Nxc5 Qxc5 19.b3 a5 20.Qe3 Qc6 21.f3 b5 22.Be5 Nd7
23.Bd6 Rfe8 24.Be4 Qa6 25.Bc7 Bxe4 26.fxe4 bxc4 27.Bxd8 Rxd8 28.Qf2 f6 29.e5 f5
30.Rd6 Qc8 31.Qd4 c3 32.Rc1 c2 33.Kh1 Kh7 34.Qd2 Qc5 35.Rxc2 Qxe5 36.Rc1 f4
37.Qd3+ Qf5 38.Qxf5+ exf5 39.Rcd1  1-0

[Event "London rapid m1"]
[Site "London"]
[Date "1993.??.??"]
[Round "?"]
[White "Kasparov, Gary"]
[Black "Adams, Michael"]
[Result "1-0"]
[WhiteElo "2805"]
[BlackElo "2630"]

1.e4 e5 2.Nf3 Nc6 3.Bb5 a6 4.Ba4 Nf6 5.O-O Be7 6.Re1 b5 7.Bb3 O-O 8.d3 d6
9.c3 Na5 10.Bc2 c5 11.Nbd2 Re8 12.Nf1 h6 13.d4 cxd4 14.cxd4 exd4 15.Nxd4 Bf8
16.f3 g6 17.b3 Bg7 18.Bb2 Bb7 19.Qd2 Rc8 20.Rad1 Qb6 21.Kh1 Nd7 22.Ne3 Nc6
23.Nd5 Qd8 24.Nxc6 Bxc6 25.Bxg7 Kxg7 26.Ne3 Re6 27.b4 Nb6 28.Bb3 Re8 29.Ng4 Qg5
30.Qd4+  1-0

[Event "London"]
[Site "London"]
[Date "1993.??.??"]
[Round "?"]
[White "Taylor, Peter"]
[Black "Kasparov, Gary"]
[Result "0-1"]
[WhiteElo "2210"]
[BlackElo "2805"]

1.e4 g6 2.d4 Bg7 3.Nc3 d6 4.Be2 Nf6 5.Nf3 O-O 6.O-O c6 7.a4 Nbd7 8.Bf4 Qa5
9.h3 e5 10.dxe5 dxe5 11.Be3 Rd8 12.Qe1 Qc7 13.Bc4 h6 14.Qe2 Nf8 15.Rfd1 Be6
16.Rxd8 Rxd8 17.Rd1 Rxd1+ 18.Nxd1 Nxe4 19.Bxe6 Nxe6 20.Bxh6 Bxh6 21.Qxe4 Bg7
22.Nc3 Qd6 23.g3 a6 24.Kg2 b5 25.axb5 axb5 26.h4 f5 27.Qe2 e4 28.Nd2 Nd4
29.Qd1 c5 30.Nb3 Qc6 31.Nxd4 cxd4 32.Ne2 d3 33.cxd3 exd3+ 34.f3 dxe2 35.Qxe2 Kf7
36.Qd2 Ke6 37.Qe3+ Kd7 38.Qd3+ Kc7 39.Qb3 Qc4 40.Qe3  0-1

[Event "London"]
[Site "London"]
[Date "1993.??.??"]
[Round "?"]
[White "Kasparov, Gary"]
[Black "Dlugy, Maxim"]
[Result "1-0"]
[WhiteElo "2805"]
[BlackElo "2550"]

1.d4 d5 2.c4 dxc4 3.e4 b5 4.a4 c6 5.b3 e5 6.axb5 cxb5 7.bxc4 b4 8.Bb2 exd4
9.Nf3 Nc6 10.Nbd2 Nf6 11.c5 Be7 12.Bb5 Bd7 13.Ra6 Rc8 14.Qa4 Qc7 15.Nxd4 Nxd4
16.Bxd4 Bxc5 17.Bxc5 Qxc5 18.Bxd7+ Nxd7 19.Rxa7 Qd4 20.Ke2 Rd8 21.Qa1 Nb8
22.Qxd4 Rxd4 23.Rc1 O-O 24.f3 Rfd8 25.Nf1 Nd7 26.Ne3 Ne5 27.Nd5 b3 28.Rb7 b2
29.Rc3 f5 30.Ke3 Rd1 31.Rxb2 fxe4 32.fxe4 Ng4+ 33.Kf4 Nxh2 34.Rc7 Rf8+ 35.Kg5 Rd3
36.Ne7+ Kh8 37.Nf5 Nf1 38.Rf7 Rdd8 39.Rxf8+ Rxf8 40.e5 g6 41.Nd6 Ne3 42.e6 Nf5
43.Nf7+ Kg8 44.Rb7 Ng7 45.e7 Ra8 46.Nh6+ Kh8 47.Rd7 Ra5+ 48.Kf6 Ne8+ 49.Kf7  1-0